HBO Girls Match Quiz Stats

 Plays Quiz not verified by Sporcle

Challenge
Share
Tweet
Embed
Score 0/12 Timer 02:00
0 Plays Today
% Correct
Charlie
93.7%
Ray
92.5%
Adam
90.5%
Booth Jonathan
80.5%
Doorman
70.3%
Thomas John
68.3%
Tad
49%
Laird
42%
Joshua
40.1%
Frank
36.7%
Sandy
36.1%
Jessa
12.2%

You're not logged in!

Compare scores with friends on all Sporcle quizzes.
Join for Free
OR
Log In

You Might Also Like...

Show Comments

Extras

Top Quizzes Today


Score Distribution

Your Account Isn't Verified!

In order to create a playlist on Sporcle, you need to verify the email address you used during registration. Go to your Sporcle Settings to finish the process.

Report this User

Report this user for behavior that violates our Community Guidelines.

Details: